01427nam a2200181 i 4500001000700000003000900007005001700016008004100033080001200074110005000086245010100136260006100237300002000298505074400318852004601062999001901108952011801127170736ES-MaACL20230906214440.0090401s18741876sp |||| | spa d a94(460)2 aReal Academia de la Historia (España)9630910aDiscursos leídos ante la Academia de la Historia, f1874-1876 /cReal Academia de la Historia. aMadrid : b[s.n.], c1874 (fImp. de José Rodríguez) a1 v. ; c27 cm.8 aContiene: Elogio del doctor Alonso Díaz de Montalvo / Fermín Caballero (46 p.).Historia de la Academia de la Historia / Vicente Barrantes (95 p.). D. Carlos Coloma / Alejandro Llorente (113 p.). Contestación / Marqués de Molins (p. 115-144). Antiguas vías de comunicacioón / Francisco Coello y Quesada (53 p.). Contestación / José Gómez Arteche (p. 56-96). Civilización española / Fernando Corradi (43 p.). Contestación / Cayetano Rosell (p. 45-69). Alfonso de Palencia / Antonio María Fabié (104p.). Contestación / Juan Facundo Riaño (p. 106-121). De la literatura catalana / Víctor Balaguer (59 p.). Contestación / José Amador de los Ríos (p. 61-85). Saavedra Fajardo / Fernando Carradi (42 p.). aES-MaACLjK-121 z- Enc. pasta española c170736d170736 001040708LIBXIXaATENEOMbATENEOMcADMd2009-04-01l0oK-121p1179180r2023-02-23 00:00:00w2023-02-23yMONANT